<?xml version="1.0" encoding="UTF-8"?>
<collection xmlns="http://www.loc.gov/MARC21/slim">
 <record>
  <leader>00579nam a22001815a 4500</leader>
  <controlfield tag="001">EEA.libagro000687</controlfield>
  <controlfield tag="008">130809t19681969nyua##########000#0#eng#d</controlfield>
  <controlfield tag="005">20200220132554.0</controlfield>
  <datafield tag="245" ind1="1" ind2="0">
   <subfield code="a">Principles of geomorphology /</subfield>
   <subfield code="c">[by] William D. Thornbury.</subfield>
  </datafield>
  <datafield tag="250" ind1=" " ind2=" ">
   <subfield code="a">2nd ed.</subfield>
  </datafield>
  <datafield tag="260" ind1=" " ind2=" ">
   <subfield code="a">New York :</subfield>
   <subfield code="b">Wiley,</subfield>
   <subfield code="c">[1968, c1969]</subfield>
  </datafield>
  <datafield tag="300" ind1=" " ind2=" ">
   <subfield code="a">xi, 594 p. :</subfield>
   <subfield code="b">il., mapas ;</subfield>
   <subfield code="c">23 cm.</subfield>
  </datafield>
  <datafield tag="020" ind1=" " ind2=" ">
   <subfield code="a">0471861979</subfield>
  </datafield>
  <datafield tag="100" ind1="1" ind2=" ">
   <subfield code="a">Thornbury, William D.</subfield>
   <subfield code="q">(William David),</subfield>
   <subfield code="d">1900-</subfield>
  </datafield>
  <datafield tag="082" ind1="0" ind2="4">
   <subfield code="a">551.4</subfield>
  </datafield>
  <datafield tag="650" ind1=" " ind2="7">
   <subfield code="a">Geomorfología</subfield>
   <subfield code="2">agrovoc</subfield>
  </datafield>
  <datafield tag="010" ind1=" " ind2=" ">
   <subfield code="a">68008323</subfield>
  </datafield>
  <datafield tag="859" ind1=" " ind2=" ">
   <subfield code="a">AR-BbBCA</subfield>
   <subfield code="b">BIB. AGRONOMIA</subfield>
   <subfield code="h">551.4</subfield>
   <subfield code="i">T496</subfield>
   <subfield code="p">1975/0046</subfield>
  </datafield>
 </record>
</collection>
